000 00499nam a2200181Ia 4500
005 20250508162644.0
008 008 250505s9999 xx 000 0 eng d
037 _aTextual
040 _aFEDL
_beng
_cFEDL
041 _aeng
_2eng
084 _a954.02, RIZ
_qFEDL
100 _aRizvi S A A
245 0 _aWonder that was: India. Vol 2
260 _aLondon, UK
_bSidgwick and Jackson Ltd.
_c1987
300 _axxxv,416p.
942 _cTEXL
_h954.02, RIZ
999 _c1377872
_d1377872